Alejandro Valdivia
Florida State A
Categories
Current Events | 0 | 2 | 0 | 0 | 20 | 114 | 119.50 | 0 | 2 |
Science - Other Science | 0 | 2 | 0 | 0 | 20 | 80 | 92.50 | 2 | 2 |
Fine Arts - Other Fine Arts | 0 | 1 | 0 | 0 | 10 | 139 | 139.00 | 0 | 1 |
Philosophy | 0 | 1 | 0 | 0 | 10 | 135 | 135.00 | 0 | 1 |
Pop Culture | 0 | 1 | 0 | 0 | 10 | 95 | 95.00 | 1 | 1 |
History - European History | 0 | 1 | 0 | 0 | 10 | 111 | 111.00 | 1 | 1 |
Literature - World Literature | 0 | 1 | 0 | 0 | 10 | 147 | 147.00 | 0 | 1 |
Religion | 0 | 1 | 1 | 0 | 5 | 129 | 129.00 | 1 | 1 |
History - World History | 0 | 1 | 2 | 0 | 0 | 86 | 86.00 | 0 | 1 |
Literature - European Literature | 0 | 0 | 0 | 0 | 0 | 0.00 | 0 | 0 |